Demon Slayer: Kamaboko Squad - Text - Statistics

General Stats
  • This quiz has been taken 33 times
  • The average score is 6 of 7
Answer Stats
Answer % Correct
Nezuko | Kamado
100%
Inosuke | Hashibira
97%
Tanjiro | Kamado
97%
Zenitsu | Agatsuma
97%
Genya | Shinazugawa
93%
Kanao | Tsuyuri
93%
Aoi | Kanzaki
69%
No matching quizzes found
Score Distribution
Percent of People with Each Score
Percentile by Number Answered
Your Score History
You have not taken this quiz